[Event "EU-ch 11th"]
[Site "Rijeka"]
[Date "2010.03.17"]
[Round "11"]
[White "Maiorov, Nikita"]
[Black "Caruana, Fabiano"]
[Result "1-0"]
[WhiteElo "2510"]
[BlackElo "2680"]
[Annotator "Krasenkow,M"]
[PlyCount "77"]
[EventDate "2010.03.06"]
[EventType "swiss"]
[EventRounds "11"]
[EventCountry "CRO"]
[SourceTitle "CBM 136"]
[Source "ChessBase"]
[SourceDate "2010.05.18"]
[SourceVersion "1"]
[SourceVersionDate "2010.05.18"]
[SourceQuality "1"]

1. d4 d5 2. c4 e6 3. Nf3 Nf6 4. Nc3 c6 5. e3 Nbd7 6. Qc2 Bd6 7. Bd3 O-O 8. O-O
dxc4 9. Bxc4 a6 10. a4 c5 11. Rd1 cxd4 12. exd4 b6 $6 $146 {A dubious novelty
allowing a strong break in the centre.} (12... Qc7 {is the main and solid
equalising move:} 13. Qe2 (13. Bd3 b6 14. Be3 ({Dreev had alreadys played this
position once as White (via the move order 11...Qc7 12.Bd3 cxd4 13.exd4). He
was probably so convinced by Black's position that he now chose to play it as
Black. Dreev hatte diese Stellung schon einmal selbst als Weißer gespielt 
(über die Zugfolge 11...Qc7 12.Bd3 cxd4 13.exd4). Wahrscheinlich war er so von
der schwarzen Stellung überzeugt, dass er es nun auch mit Schwarz anwendet.} 
14. h3 Bb7 15. Ng5 h6 16. Nge4 {1/2-1/2 Dreev,A-Vyzmanavin,A/Podolsk 1992/CBM
33 (16)}) 14... Bb7 15. Qe2 Nd5 16. Ne4 (16. Rac1 $142 {A.Dreev}) 16... Nf4 17.
Bxf4 Bxf4 $15 {0-1 Van Wely,L-Dreev,A/New Delhi/Teheran 2000/CBM 81/[Lutz] (58)
Black is already better, since White does not achieve the usual attacking
formations for isolated pawn formations. Schwarz steht bereits besser, da Weiß
nicht die in Isolani-Stellungen üblichen Angriffsformationen erreicht.}) (13.
Bb3 b6 14. d5 e5 15. Bg5 Bb7 16. Rac1 Rac8 17. Qf5 Qb8 18. Bxf6 {1/2 Arutinian,
D (2446)-Borovikov,V (2595)/Pardubice 2005/CBM 107 ext}) 13... Re8 {By
positioning the Re8 on the same file as the Qe2 Black denies White the advance
d4-d5. In Adianto-Gurevich a slight initiative was possible thanks to this
idea. Durch die Gegenüberstellung von Qe2 und Re8 verhindert Schwarz den
Vorstoß d4-d5. In Adianto-Gurevich konnte dank dieser Idee eine leichte
Initiative behaupten.} (13... e5 $6 14. h3 exd4 15. Nxd4 Be5 16. Be3 Bf4 17.
Nd5 Nxd5 18. Bxd5 Bxe3 19. Qxe3 Nf6 20. Bf3 $14 {1-0 Grachev,B (2653)-Sjugirov,
S (2610)/Moscow RUS 2010/The Week in Chess 797 (53)}) (13... b6 14. Bg5 h6 $5 (
14... Bb7 15. d5 exd5 16. Nxd5 Nxd5 17. Bxd5 Bxd5 18. Rxd5 Nc5 19. Rad1 Rfe8
20. Qc2 {1-0 Adianto,U (2598)-Gurevich,M (2633)/Batumi 2001/CBM 086 (51)} Ne4
$1 $11) 15. Bxf6 Nxf6 16. d5 Re8 17. dxe6 Bxe6 18. Bxe6 Rxe6 19. Qd3 Bc5 20. h3
$11 {1/2 Lapshun,Y (2443)-Robson,R (2559)/Philadelphia USA 2010/The Week in
Chess 804 (58)}) 14. Bg5 (14. Re1 b6 15. Bb3 Bb7 16. Ne5 {White allows
simplificaations, but otherwise he has nothing special. Weiß läßt
Vereinfachungen zu, aber auch sonst hat er wohl nichts Besonderes} Nd5 17. Bd2
Nxc3 18. Bxc3 Nxe5 19. dxe5 Bc5 $11 {1/2 Karpov,A (2690)-Anand,V (2752)/Prague
2002/CBM 089/[Lutz] (34) Black has no more problems. Schwarz hat keine
Probleme mehr.}) 14... h6 (14... Bf4 $2 15. d5 $1 Bxg5 16. dxe6 Ne5 17. exf7+
Nxf7 18. Nd5 $1 Qc6 19. Ne7+ Kf8 20. Nxc6 Rxe2 21. Nd8 $1 $14 {1-0 Onischuk,A 
(2670)-Stefansson,H (2566)/Lubbock 2008/CBM 126 (53)}) (14... b6 15. Rac1 Bb7
16. Bd3 Qb8 $11 {0-1 Laxman,R (2503)-Arun Prasad,S (2567)/Gurgaon IND 2010/The
Week in Chess 799 (65)}) 15. Bh4 b6 16. Bd3 (16. Rac1 Bb7 17. Bg3 Bxg3 18. hxg3
Qd6 19. Ne5 Red8 20. Ba2 Rac8 $11 {1/2 Anand,V (2783)-Leko,P (2751)/Miskolc
2009/CBM 130 Extra (51)}) 16... Bb7 17. Rac1 Bxf3 18. Qxf3 Bxh2+ 19. Kh1 Qf4
20. Qh3 g5 21. Qxh2 Qxh4 22. Qxh4 gxh4 $11 {1/2 Jussupow,A (2585)-Sebag,M 
(2510)/Moscow 2008/CBM 123 (57)}) ({The other moves didn't bring Black good
results:} 12... h6 13. Ba2 b6 14. Qe2 Bb7 15. Ne5 Nd5 16. Nxd5 Bxd5 17. Bxd5
exd5 18. Bxh6 $1 Bxe5 19. dxe5 gxh6 20. Rxd5 $18 {1-0 Ehlvest,J (2605)
-Stefansson,H (2549)/Liepaya 2004/CBM 103 (26)}) (12... Nb6 13. Bb3 Bd7 14. Bg5
Bc6 15. Qd3 Rc8 16. Bc2 $1 g6 17. Bb3 Be7 18. Ne5 Nbd5 19. Rac1 a5 20. h4 Re8
21. Bc4 Nd7 22. Ne4 $36 {1-0 Le Quang Liem (2624)-Harikrishna,P (2672)/Kolkata
IND 2009/The Week in Chess 790 (71)}) 13. d5 $1 e5 (13... exd5 $6 14. Nxd5 $16
{[%cal Gd1d8]}) 14. Ng5 Qe7 (14... Qc7 $5) 15. Nge4 Nxe4 16. Nxe4 {[%csl Ra6,
Rb6,Gd5]} a5 {Further weakening his position, which was already difficult:} (
16... f5 $2 17. Nxd6 Qxd6 18. Ba2 {[%cal Rc2c6]}) (16... Bb7 17. Bg5 $1 f6 18.
Be3 Rfc8 19. Qb3 $16 {[%csl Rb6]}) (16... h6 17. Be3) 17. Bg5 f6 18. Be3 Nc5 (
18... Bb7 19. Qb3 $16) 19. Nxc5 bxc5 20. Bxc5 Bg4 21. Rdc1 Rfc8 22. Bxd6 Qxd6
23. Qb3 {It is not easy for White to convert his extra pawn as Black's a5 pawn
holds two. However, the GM from Belarus, using the "don't hurry" approach,
advocated by his famous compatriot and trainer Mikhail Shereshevsky, finally
succeeds:} Bd7 24. Bb5 Rd8 25. Bc6 Rab8 26. Qc3 Rb4 27. h3 Kf7 28. Ra3 Rc8 29.
Qc2 g6 30. Rc3 Bf5 31. Qd2 Rd4 32. Qe3 g5 33. Bb5 $1 Rxc3 34. bxc3 Re4 35. Qa7+
Kg6 36. c4 Qa3 37. Rf1 Bxh3 38. Be8+ Kh6 39. Qf7 1-0

[Event "Moscow Nutcracker"]
[Site "Moscow"]
[Date "2014.12.23"]
[Round "4.1"]
[White "Fedoseev, Vladimir"]
[Black "Shirov, Alexei"]
[Result "1-0"]
[WhiteElo "2661"]
[BlackElo "2675"]
[Annotator "Krasenkow,M"]
[PlyCount "79"]
[EventDate "2014.12.20"]
[EventType "schev"]
[EventRounds "4"]
[EventCountry "RUS"]
[SourceTitle "CBM 164"]
[Source "ChessBase"]
[SourceDate "2015.01.15"]
[SourceVersion "1"]
[SourceVersionDate "2015.01.15"]
[SourceQuality "1"]
[WhiteTeam "Princes"]
[BlackTeam "Kings"]
[WhiteTeamCountry "RUS"]

1. d4 d5 2. c4 c6 3. Nc3 Nf6 4. e3 e6 5. Nf3 Nbd7 6. Qc2 Bd6 7. Bd3 O-O 8. O-O
dxc4 9. Bxc4 b5 10. Be2 Bb7 11. Rd1 Qc7 12. Bd2 b4 $1 {Probably the simplest
way to equality, instead of the more common} (12... Rfe8) ({or} 12... a6) 13.
Na4 (13. Ne4 Nxe4 14. Qxe4 c5 15. Qh4 Nf6 16. Rac1 Qe7 17. dxc5 Bxc5 18. Ne5 a5
19. Bf3 Rfc8 $11 {1/2 (25) Ftacnik,L (2546)-Gonda,L (2535) Germany 2013}) 13...
c5 14. Rac1 (14. dxc5 a5 $1 {was tried in several correspondence games, in
which Black finally regained the pawn and equalised:} 15. Rac1 (15. Bc3 Bxh2+
16. Nxh2 bxc3 17. Qxc3 Ne4 18. Qc2 Rac8 19. Rac1 Nxf2 $5 20. Kxf2 Qxh2 21. Rxd7
Bxg2 $1 22. Ke1 Bc6 23. Nb6 Bxd7 24. Nxd7 Rfd8 25. c6 Qg3+ 26. Kd1 Qxe3 $132 {
1/2 (60) Schindler,S (2333)-Tsirakovsky,S (1941) Lechenicher SchachServer 2011}
) (15. Be1 Rfc8 16. Rac1 Nxc5 17. Nxc5 Bxc5 18. h3 Qb6 19. Bc4 Rc7 20. Qe2 Rac8
$11 {1/2 (28) Reichenbaecher,T (1976)-Krakovsky,P (1951) Lechenicher
SchachServer 2011}) 15... Rfc8 (15... Rac8 16. a3 bxa3 17. Qb3 Nxc5 18. Qxa3
Nfe4 19. Nxc5 Bxc5 20. Qxa5 Qe7 21. Qa2 Nxd2 {1/2-1/2 (21) Kenig,J (1443)
-Konstantinov,M (2213) Lechenicher SchachServer 2012}) 16. Bc3 Nxc5 17. Bxf6
Nxa4 18. Qb1 Nc5 19. Ng5 g6 20. Nf3 Qb8 21. Rc4 {1/2 (21) Soltau,A (2630)
-Hristov/Geider,I (2494) Rochade 5171-Jub15 bd01 2004}) 14... Rfc8 (14... a5 {
was possible here, too.}) 15. Be1 (15. dxc5 $142 Nxc5 16. Nxc5 Qxc5 $11) 15...
Qa5 16. dxc5 Nxc5 17. Nxc5 Rxc5 18. Bc4 (18. Qd3 {was probably better,
avoiding the destruction of White's kingside. Still, Black's position was more
active.}) 18... Bxf3 19. gxf3 Qc7 20. f4 a5 21. b3 Rc8 $15 {White's kingside
is weak, which guarantees Black a steady initiative.} 22. Qe2 g5 $5 (22... Bf8
$5 {[%cal Yf6e8,Ye8d6] D. Kryakvin}) 23. f3 (23. Bd2 $5) 23... gxf4 24. e4 {
White has given up a pawn but it is still difficult to break up his position.}
Nd7 (24... Rg5+ $5 25. Kh1 Be5) 25. Qg2+ Kf8 26. Qh3 (26. Kh1 $5 Ne5 $140 27.
Bf2 Rc6 28. Qg5 $132) 26... Ne5 27. Bf2 (27. Qxh7 $1 Nxf3+ 28. Kf1 {gave White
more chances to survive, according to D.Kryakvin.}) 27... Nxc4 28. bxc4 Rg5+
29. Kh1 Kg8 (29... Kg7 $142 {, and in case of} 30. c5 Be5 31. c6 Bc3 32. Qh4 h6
{is possible (D.Kryakvin)}) 30. c5 Be5 31. c6 Bc3 $2 ({The prophylactic} 31...
Rg6 {was correct, keeping some edge after, say,} 32. Qf1 Bc3 33. Qc4 Kg7 $1 34.
Bd4+ Bxd4 35. Qxd4+ e5 36. Qd5 a4) 32. Qh4 Rg6 (32... Bf6 $142 33. e5 Be7 34.
Bc5 Qxc6 35. Qxf4 Qxc5 36. Rxc5 Rxc5 {, and Black should not lose, according
to V.Barsky, e.g.} 37. h4 Rg6 {(the simplest)}) 33. Rd7 $1 Qxc6 34. Qe7 {
White has obtained a strong attack.} Kh8 $2 {[%mdl 8192]} (34... Rf8 $8 {
but after} 35. Bc5 Qc8 36. Rcd1 Qe8 37. Qxf8+ Qxf8 38. Bxf8 Kxf8 39. Ra7 {
it is unclear whether Black can survive.}) 35. Qxf7 Rg7 36. Qxg7+ $1 {This was
probably overlooked by Black.} Bxg7 37. Rxc6 Rxc6 38. Rd8+ Bf8 39. Rxf8+ Kg7
40. Ra8 1-0

[Event "EU-Cup 24th"]
[Site "Kallithea"]
[Date "2008.10.21"]
[Round "5"]
[White "Macieja, Bartlomiej"]
[Black "Tregubov, Pavel V"]
[Result "0-1"]
[WhiteElo "2600"]
[BlackElo "2646"]
[Annotator "Krasenkow,M"]
[PlyCount "102"]
[EventDate "2008.10.17"]
[EventType "team-swiss"]
[EventRounds "7"]
[EventCountry "GRE"]
[SourceTitle "CBM 127"]
[Source "ChessBase"]
[SourceDate "2008.11.13"]
[SourceVersion "1"]
[SourceVersionDate "2008.11.13"]
[SourceQuality "1"]
[WhiteTeam "Chieti Fischer"]
[BlackTeam "Clichy Echecs 92"]
[WhiteTeamCountry "ITA"]
[BlackTeamCountry "FRA"]

1. d4 d5 2. c4 e6 3. Nf3 c6 4. e3 Nf6 5. Bd3 dxc4 6. Bxc4 Nbd7 7. O-O Bd6 8.
Nc3 O-O 9. e4 e5 10. Be3 Qe7 11. Bb3 b5 (11... exd4 {is the main continuation
in this position. It was examined in CBM 104, annotations to Lautier-Akopian
by GM Ch.Lutz. Here are some examples:} 12. Bxd4 Ne5 (12... Nxe4 $2 13. Re1
Nxc3 14. Bxc3 $18) (12... Ng4 13. h3 Nge5 14. Nxe5 Bxe5 15. Bxe5 Qxe5 16. f4
Qe7 17. e5 Nc5 18. Bc2 f5 19. exf6 Rxf6 20. f5 Bd7 21. Qd4 $14 {1-0 Hoeksema,H
(2397)-Kroeze,F (2419)/Hilversum 2006/CBM 110 ext (40)}) 13. Nxe5 Bxe5 14. Bxe5
Qxe5 15. f4 Qc5+ (15... Qe7 $5 16. Qf3 Be6 17. e5 Bxb3 18. exf6 Qc5+ 19. Rf2
Bd5 20. Nxd5 cxd5 21. Rd1 Rfe8 22. g3 Rad8 23. fxg7 Re3 $132 {1/2 Arsovic,G 
(2470)-Lazic,M (2465)/Zlatibor 2007/CBM 120 ext (33)}) 16. Kh1 Be6 17. e5 {
Das ist ein neues Konzept. Weiß rückt am Königsflügel vor und kann in der
Folge einen gedeckten Freibauern auf e6 etablieren, muss dafür aber die
schwarze Turmverdoppelung auf der d-Linie zulassen.} (17. Bxe6 fxe6 18. Qb3 {
Weiß hat die etwas bessere Bauernstellung, aber Schwarz steht aktiv. Weiß hat
nicht viel.} Rae8 19. e5 Ng4 20. g3 Re7 21. Rae1 Qb6 22. Qa3 Rd7 23. Ne4 Rd4
24. Qe7 c5 {1/2-1/2 Ivanchuk,V-Shirov,A/Montecatini Terme 2000/CBM 79/[Lutz] 
(42)}) 17... Rad8 (17... Bxb3 18. Qxb3 Ng4 19. Ne4 Qe3 20. Qc2 Rad8 21. Rf3 Qd4
22. Re1 (22. Ng5 g6 23. e6 $18) 22... Qd7 23. Rg3 $16 {1-0 Dydyshko,V (2574)
-Suran,J (2396)/Czechia 2004/EXT 2005 (38)}) 18. Qf3 Bxb3 (18... Bd5 19. Nxd5
Nxd5 20. Rae1 f6 21. e6 Ne7 22. Rd1 g6 23. Rd7 $1 $16 {1-0 Chatalbashev,B 
(2490)-Drenchev,P (2439)/Plovdiv 2007/CBM 116 ext (55)}) 19. axb3 Nd5 20. Ne4
Qb6 21. Rae1 f6 {Gestattet die Bildung einer Freibauern, anderenfalls hat Weiß
das Feld d6 für seinen Srpinger und kann selbst f4-f5-f6 drohen.} 22. e6 Ne7
23. f5 Rd5 24. Ng3 Qd4 25. Re2 Rfd8 $13 {1-0 Lautier,J (2682)-Akopian,V (2692)/
Mallorca 2004/CBM 104/[Lutz] (47) Schwarz hat die d-Linie unter Kontrolle,
aber sein Sringer muss passiv bleiben. Es scheint mir, als wäre die Stellung
etwa ausgeglichen.}) ({Other options:} 11... Re8 12. h3 a6 13. Ng5 Rf8 14. f4
exf4 15. Bxf4 Bxf4 16. Rxf4 Nd5 17. Qh5 h6 18. Rxf7 Qxg5 19. Rxf8+ Kxf8 20.
Qxg5 hxg5 21. exd5 $18 {1-0 Dydyshko,V (2544)-Jirovsky,M (2464)/Czechia 2003/
EXT 2004 (26)}) (11... Bc7 $5 12. Qc2 Ng4 13. Nd5 cxd5 14. Qxc7 dxe4 15. Nxe5
Ngxe5 16. dxe5 Qxe5 17. Rac1 a5 18. Rfd1 (18. Bf4 $5) 18... a4 19. Bd5 Qxc7 20.
Rxc7 Nf6 21. Bxb7 Bxb7 22. Rxb7 Rfb8 23. Rxb8+ Rxb8 24. Bf4 $14 {1/2 Khenkin,I
(2610)-Bruno,F (2374)/Frascati 2005/CBM 106 ext (60)}) 12. Re1 (12. Bg5 $5 h6
13. Nh4 $5 exd4 14. Ng6 Qd8 15. Qxd4 Bxh2+ 16. Kxh2 Ng4+ 17. Kg1 Qxg5 18. Qd6
$2 (18. Nxf8 Qh4 $44) 18... Re8 19. Qxc6 Rb8 20. Rfd1 Ngf6 21. Rd3 Qxg6 $19 {
0-1 Bartel,M (2561)-Jaracz,P (2485)/Ustron 2006/CBM 114 ext (25)}) 12... Bb7
13. Qc2 (13. h3 b4 14. Na4 c5 15. dxc5 Nxc5 16. Nxc5 Bxc5 17. Bxc5 Qxc5 18. Rc1
{1/2 Babula,V (2569)-Grachev,B (2513)/Pardubice 2004/CBM 101 ext}) 13... b4 14.
Na4 (14. Ne2 $5 c5 $5 (14... exd4 15. Nexd4 Qxe4 16. Qxe4 Nxe4 17. Nf5 $36))
14... exd4 15. Bxd4 c5 16. Bxf6 Qxf6 17. Rad1 {It may seem that control of
light squares gives White a clear advantage; however, Black skilfully makes
use of the fact that White's a4 knight is temporarily out of play.} Rad8 18.
Bd5 Ba6 $1 19. b3 (19. e5 Nxe5 20. Nxe5 Bxe5 21. Qxc5 Rde8 $1 22. Qxb4 Bd6 $132
) 19... Rfe8 20. Bc4 Bxc4 21. Qxc4 Ne5 22. Nxe5 Qxe5 23. g3 Bf8 24. Rxd8 Rxd8
25. Qe2 {[%cal Ya4b2,Yb2c4]} c4 $3 {[%mdl 512]} 26. bxc4 (26. Qxc4 Rd2 27. Re2
Qa1+ 28. Kg2 Qxa2 29. Rxd2 Qxd2 $11) 26... g6 27. Qc2 (27. Nb2 Bg7 28. Nd3 $6
Qc3) 27... Rd4 28. Nb2 (28. c5 Qe6 $44 {[%cal Ye6c6,Yd4c4]}) 28... a5 29. Kg2
Qe6 30. f3 Bc5 $44 {All Black's pieces are very active, he has a queenside
pawn advantage, and the white king is not safe.} 31. Rd1 Qd6 32. Rxd4 $6 (32.
Rd3) (32. Nd3) 32... Qxd4 33. Qe2 h5 34. Na4 Ba7 35. e5 $6 (35. Nb2 $5 {
just waiting.}) 35... Kg7 36. g4 $2 {It was probably time to give back the
pawn liquidating into a queen endgame with good drawing chances:} (36. c5 Bxc5
37. Nxc5 Qxc5 38. e6 $15) 36... hxg4 37. fxg4 Qd7 38. Nb2 a4 {The black pawns
have started their advance; besides, the white king is now very weak.} 39. e6
fxe6 40. Qe5+ (40. Nd3 b3 41. axb3 a3 $5) 40... Kh7 41. Nd3 Qb7+ $1 (41... Qxd3
42. Qc7+ Kh6 43. Qxa7 (43. Qf4+ Kg7 44. Qc7+ Kf6) 43... Qxc4 44. Qxa4 Qxg4+ 45.
Kf2 {may be insufficient for a win.}) 42. Kh3 b3 43. axb3 a3 44. Qxe6 Bd4 (
44... a2 {was good enough:} 45. Ne5 Qxb3+ 46. Kg2 Qc2+ 47. Kh3 Qc3+ 48. Kg2
Qd2+ 49. Kh3 Qe3+ 50. Kg2 Qf2+ 51. Kh3 Qf1+ 52. Kg3 Bf2+ 53. Kf3 Bd4+ $19) 45.
Ne5 Qxb3+ 46. Kh4 g5+ $5 47. Kxg5 Qe3+ 48. Kh4 Qh6+ 49. Qxh6+ Kxh6 50. g5+ Kg7
51. Nc6 Bc3 0-1

[Event "Biel GM 45th"]
[Site "Biel"]
[Date "2012.08.01"]
[Round "9"]
[White "Bacrot, Etienne"]
[Black "Nakamura, Hikaru"]
[Result "0-1"]
[WhiteElo "2713"]
[BlackElo "2778"]
[Annotator "Krasenkow,M"]
[PlyCount "60"]
[EventDate "2012.07.23"]
[EventType "tourn"]
[EventRounds "10"]
[EventCountry "SUI"]
[EventCategory "21"]
[SourceTitle "CBM 150"]
[Source "ChessBase"]
[SourceDate "2012.09.14"]
[SourceVersion "1"]
[SourceVersionDate "2012.09.14"]
[SourceQuality "1"]

1. d4 d5 2. c4 c6 3. Nc3 Nf6 4. Nf3 e6 5. e3 Nbd7 6. Qc2 Bd6 7. Bd3 dxc4 8.
Bxc4 b5 9. Bd3 Bb7 10. e4 {White tries to use this rare move order (without
castling for either side) for an immediate advance in the centre. A
double-edged continuation!} e5 11. dxe5 (11. Bg5 h6 12. Bh4 O-O 13. O-O (13.
Rd1 $5) 13... exd4 14. Nxd4 {0-1 Meskovs,N (2347)-Olsarova,T (2244)/Pardubice
CZE 2012/The Week in Chess 925 (30)} Qc7 $11) (11. O-O O-O {leads to a
well-known position, usually arising from other move orders, with earlier
castling.}) 11... Nxe5 12. Nxe5 Bxe5 13. f4 (13. h3 Qe7 14. O-O a6 15. a4 O-O
16. Be3 Rfe8 17. Ne2 Rad8 18. Rad1 Bb8 19. Rfe1 h6 20. Bc5 Bd6 21. Bxd6 Rxd6
22. f4 Rdd8 23. Ng3 Qb4 24. Nf5 c5 25. e5 c4 26. Bf1 Ne4 $132 {1-0 Moskalenko,
V (2534)-Barrientos Chavarriaga,S (2433)/Barcelona 2005/CBM 108 ext (69)}) (13.
Ne2 $5 Bd6 (13... O-O $142) (13... Qd6 $5 14. f4 $140 Qb4+) 14. Bd2 Nd7 $6 (
14... O-O) 15. Ng3 Ne5 16. Be2 O-O 17. f4 Nd7 18. e5 Bc7 19. O-O-O a6 20. Bb4
Re8 21. Bg4 {1-0 Zherebukh,Y (2563)-Versporten,W (2092)/Plovdiv 2010/CBM 139})
13... Bd4 14. e5 Nd5 $146 (14... Ng4 $6 15. Ne4 O-O 16. Nd6 Ba6 17. Bxh7+ Kh8
18. Bf5 b4 19. Qxc6 Bb6 20. Qf3 Nh6 21. Be4 Rb8 22. f5 $18 {0-1 Zueger,B (2413)
-Bosiocic,M (2555)/Sibenik CRO 2012/The Week in Chess 917 (29)}) 15. Ne4 (15.
Nxd5 Qxd5 16. Be4 Qc4 $1 (16... Qd7 17. Bd2 $14) 17. Qxc4 bxc4 $132 {[%csl Rb2]
}) 15... Nb4 16. Qb3 Nxd3+ 17. Qxd3 O-O 18. Nd6 Bc5 19. Be3 Bxd6 20. exd6 Qh4+
21. g3 Qh5 $132 22. Rc1 $6 {It was safer to evacuate the king:} (22. O-O c5 $1
23. f5 $1 $13 Qh3 $140 24. Rf2) 22... c5 $6 (22... Qh3 $142 23. Rc5 Rad8 $36 {
[%cal Yb7c8]}) 23. Rxc5 Qh3 24. Rg1 Qxh2 25. Rc2 Qh3 26. Rc7 {[%csl Gc7,Gd6]}
Bf3 27. Kd2 (27. d7 Bg4 {[%cal Yf8d8]}) (27. Kf2 $5 Bh1 (27... Bg4 28. Qd5) 28.
d7 {retaining better prospects due to his strong d7-pawn, which paralyses
Black's rooks.}) 27... Qe6 (27... Rfd8 28. Bc5 $14) 28. Bc5 Bg4 29. b3 Bf5 30.
Re1 $4 {[%mdl 8192] White has consolidated his position; his d6-pawn
guarantees him good chances. But now he suddenly blunders a rook!} (30. Qe3
Qd5+ 31. Kc1 $14) 30... Qxe1+ 0-1

[Event "Tata Steel-A 73rd"]
[Site "Wijk aan Zee"]
[Date "2011.01.25"]
[Round "9"]
[White "Nepomniachtchi, Ian"]
[Black "Smeets, Jan"]
[Result "0-1"]
[WhiteElo "2733"]
[BlackElo "2662"]
[Annotator "Krasenkow,M"]
[PlyCount "132"]
[EventDate "2011.01.14"]
[EventType "tourn"]
[EventRounds "13"]
[EventCountry "NED"]
[EventCategory "20"]
[SourceTitle "CBM 141"]
[Source "ChessBase"]
[SourceDate "2011.03.17"]
[SourceVersion "1"]
[SourceVersionDate "2011.03.17"]
[SourceQuality "1"]

1. d4 d5 2. c4 c6 3. Nc3 Nf6 4. e3 e6 5. Nf3 Nbd7 6. Qc2 Bd6 7. Bd3 O-O 8. O-O
dxc4 9. Bxc4 a6 10. Rd1 b5 11. e4 $5 $146 {A crazy idea, instead of normal
bishop retreats. It should not be dangerous for Black.} bxc4 12. e5 Qc7 (12...
Bc7 13. Bg5 $5 h6 14. Bh4 g5 15. Nxg5 hxg5 16. Bxg5 $44) 13. exd6 Qxd6 14. Bg5
a5 (14... c5 $5 15. Ne4 Nxe4 16. Qxe4 Qc7 $1 {[%cal Yc8b7]}) 15. Bxf6 Nxf6 16.
Na4 $14 {White now seizes the c5-square, and Black must play accurately.} Ba6
17. Nc5 Rfb8 (17... Nd7 18. Ng5 $1) 18. Rac1 (18. Ne5 $142 {preventing ...
Nf6-d7.}) 18... h6 19. a3 $2 {[%mdl 16384]} (19. Ne5 $1 $14 {was now a must.})
19... Nd7 $1 $15 {Ousting or exchanging the c5-knight. Even if White
recaptures the c4-pawn, the balance of weaknesses (b2 and d4 vs. c6) will be
in Black's favour.} 20. Ne4 (20. Nxa6 Rxa6 21. Qxc4 (21. Qe2 Rab6 22. Rd2 Qd5
$15) 21... Rab6 22. b4 axb4 23. axb4 Rc8 $15) 20... Qd5 21. Nc3 Qf5 (21... Qh5
$5) 22. Qe2 (22. Qxf5 exf5 23. d5 c5 $5) 22... Qf4 23. Rc2 (23. Ne5 $5) 23...
Rd8 {Black now just keeps an extra pawn although he can hardly convert it.} 24.
Rcd2 Rab8 25. g3 Qc7 26. Qe3 (26. Ne5 $143 Nxe5 27. Qxe5 Qxe5 28. dxe5 Rd3)
26... Bb7 27. Ne5 Nxe5 28. Qxe5 Qxe5 29. dxe5 Rxd2 30. Rxd2 {[%mdl 4096]} c5
31. f4 g5 32. Kf2 gxf4 33. gxf4 Bc6 34. Ke3 Kf8 35. Rd6 Be8 36. Rd2 Bc6 37. h4
$6 {There was no reason to avoid the repetition:} (37. Rd6 $142) 37... Ke7 38.
Rd6 Bh1 39. Na4 $6 (39. Ra6 Rxb2 40. Rxa5 Rh2 (40... Rb3 41. Kd2) (40... Rc2
41. Ne2 $11) 41. Rxc5 Rh3+ 42. Kd2 Rxh4 43. Rxc4 h5 $15 {[%csl Gh5]}) 39...
Rb3+ 40. Kd2 Rf3 41. Nxc5 $6 (41. Ra6 $142 Rxf4 42. Rxa5 Rxh4 43. Rxc5 h5 44.
Nb6 {winning the crucial c4-pawn, e.g.} Rh2+ 45. Kc3 h4 46. Rc7+ Kf8 47. Rxc4 {
with good drawing chances.}) 41... Rxf4 42. Ra6 Rxh4 43. Rxa5 h5 $17 {This
passed pawn eventually decides the game.} 44. Ke3 (44. Kc3 Rf4 {[%cal Yh5h4]})
(44. Ra7+ Kf8 45. Nd7+ Kg7 46. Nf6 Kg6 $17) 44... Rh2 (44... Rh3+ $5 45. Kd4
Bd5) 45. Ra7+ Kf8 46. Rc7 (46. Nb7 Rxb2 47. Nd6 Rb3+ 48. Kf2 Bd5 49. Rxf7+ Kg8
$17) 46... Rxb2 47. Nd7+ Kg7 48. Rxc4 Rb3+ 49. Kf2 Rxa3 50. Rh4 Bc6 51. Nf6
Rf3+ 52. Ke2 (52. Kg1 Kg6 $1) 52... Rf5 53. Nxh5+ Kg6 54. Ng3 Rxe5+ {White had
to give up two pawns to get rid of the main enemy. The rest is clear.} 55. Kf2
Ra5 56. Rg4+ Kf6 57. Rg8 Ra2+ 58. Ke3 Ke5 59. Rc8 Ra3+ 60. Kf2 Bd5 61. Nf1 Ra2+
62. Ke3 f5 63. Nd2 f4+ 64. Ke2 Kd4 65. Rf8 e5 66. Ke1 e4 0-1